000 00706nam a2200229 i 4500
001 114555
003 ES-MaACL
005 20230906190204.0
007 t|
008 070309s1900 sp ||||1| spa d
080 _a94(680)"1899/1902"
100 1 _aQuellern, L. de.
_994507
245 1 3 _aLa Guerre au Transvaal
_b: Anglais & Boers /
_cL. de Quellern et A. Savine.
260 _aParis :
_bS. Schwarz,
_c[1900?]
300 _aP. 2593-2736 :
_bil. ;
_c24 cm.
490 1 _aLa guerre par l'image
650 1 4 _aGuerra de los bóers, 1899-1902.
_913191
700 1 _aSavine, Albert.
_9104073
830 0 _aLa guerre par l'image
_9233247
852 _aES-MaACL
_jFol-Laf-200
999 _c114555
_d114555